Aplikovaná poistná štatistika
Salvato in:
| Autore principale: | |
|---|---|
| Ente Autore: | |
| Natura: | Libro |
| Lingua: | slovacco |
| Pubblicazione: |
Bratislava
IURA EDITION
2004
|
| Edizione: | 3. preprac. a dopln. vyd. |
| Serie: | Ekonómia
|
| Soggetti: | |
| Tags: |
Nessun Tag, puoi essere il primo ad aggiungerne!!
|
MARC
| LEADER | 00000nam a2200000 4500 | ||
|---|---|---|---|
| 001 | 0025751 | ||
| 005 | 20240502071423.1 | ||
| 020 | |a 80-8078-004-8 | ||
| 041 | 0 | |a slo | |
| 044 | |a SK | ||
| 245 | 1 | 0 | |a Aplikovaná poistná štatistika |c Viera Pacáková |
| 250 | |a 3. preprac. a dopln. vyd. | ||
| 264 | 1 | |a Bratislava |b IURA EDITION |c 2004 | |
| 300 | |a 261 s. | ||
| 490 | 1 | |a Ekonómia | |
| 830 | 0 | |a Ekonómia | |
| 610 | 2 | 0 | |a štatistika poistná |
| 610 | 2 | 0 | |a teória pravdepodobnosti |
| 610 | 2 | 0 | |a teória kredibility |
| 610 | 2 | 0 | |a poisťovníctvo |
| 610 | 2 | 0 | |a riziko poistné |
| 610 | 2 | 0 | |a modely štatistické |
| 610 | 2 | 0 | |a zaistenie |
| 610 | 2 | 0 | |a poistné |
| 610 | 2 | 0 | |a rezervy poistné |
| 610 | 2 | 0 | |a matematika poistná |
| 100 | 1 | |a Pacáková, Viera | |
| 710 | 2 | |a Ekonomická univerzita v Bratislave | |